Orosháza város lakosságának sportolási szokásai
Elmentve itt :
| Szerző: | |
|---|---|
| További közreműködők: | |
| Dokumentumtípus: | Szakdolgozat |
| Megjelent: |
2006
|
| Tárgyszavak: | |
| Online Access: | http://diploma.bibl.u-szeged.hu/105613 |
| LEADER | 00583nta a2200169 i 4500 | ||
|---|---|---|---|
| 001 | dipl105613 | ||
| 005 | 20210204064650.0 | ||
| 008 | 210204s2006 hu om 0|| zxx d | ||
| 040 | |a SZTE Diploma Repozitórium |b hun | ||
| 041 | |a zxx | ||
| 100 | 1 | |a Mozsár Attila | |
| 245 | 1 | 0 | |a Orosháza város lakosságának sportolási szokásai |h [elektronikus dokumentum] / |c Attila Mozsár |
| 260 | |c 2006 | ||
| 650 | 4 | |a Társadalomtudomány | |
| 650 | 4 | |a Social sciences | |
| 700 | 1 | |a Bozsó Renáta |e ths | |
| 856 | 4 | 0 | |u http://diploma.bibl.u-szeged.hu/id/eprint/105613/1/2006_mozsar_attila.pdf |z Dokumentum-elérés |